Tinh thần khởi nghiệp kinh doanh : Trái tim của một doanh nhân

Tôn vinh tinh thần khởi nghiệp của các doanh nhân khởi nghiệp – những người mang trong mình niềm tâm huyết, đam mê, nỗ lực không ngừng nghỉ dấn thân vào nghiệp kinh doanh và mang lại thành quả không chỉ cho cá nhân mà cho toàn xã hội...

Ful tanımlama

Kaydedildi:
Detaylı Bibliyografya
Yazar: Đinh, Việt Hòa
Materyal Türü: Kitap
Dil:Undetermined
Baskı/Yayın Bilgisi: Hà Nội Nxb. Đại học Quốc gia Hà Nội 2012
Konular:
Etiketler: Etiketle
Etiket eklenmemiş, İlk siz ekleyin!
Thư viện lưu trữ: Trung tâm Học liệu Trường Đại học Cần Thơ
LEADER 01048nam a2200217Ia 4500
001 CTU_190698
008 210402s9999 xx 000 0 und d
020 |c 129000 
082 |a 650.1 
082 |b H401 
100 |a Đinh, Việt Hòa 
245 0 |a Tinh thần khởi nghiệp kinh doanh : 
245 0 |b Trái tim của một doanh nhân 
245 0 |c Đinh Việt Hòa, Nguyễn Quốc Việt (Chủ biên) 
260 |a Hà Nội 
260 |b Nxb. Đại học Quốc gia Hà Nội 
260 |c 2012 
520 |a Tôn vinh tinh thần khởi nghiệp của các doanh nhân khởi nghiệp – những người mang trong mình niềm tâm huyết, đam mê, nỗ lực không ngừng nghỉ dấn thân vào nghiệp kinh doanh và mang lại thành quả không chỉ cho cá nhân mà cho toàn xã hội 
650 |a Success in business,Thành công trong kinh doanh 
910 |a Hải 
980 |a Trung tâm Học liệu Trường Đại học Cần Thơ